| 000 | 01132cam a22002893a 4500 | ||
|---|---|---|---|
| 001 | 204 | ||
| 003 | PGUSA | ||
| 005 | 20140828082945.0 | ||
| 008 | 080709s2008||||xxu|||||s|||||000 1 eng d | ||
| 040 |
_aPGUSA _beng |
||
| 042 | _adc | ||
| 050 | 4 | _aPR | |
| 100 | 1 |
_aChesterton, G. K. _q(Gilbert Keith), _d1874-1936 |
|
| 245 | 1 | 4 |
_aThe Innocence of Father Brown _h[electronic resource] / _cG. K. Chesterton |
| 260 |
_bProject Gutenberg, _c2008 |
||
| 505 | 0 | _aThe blue cross -- The secret garden -- The queer feet -- The flying stars -- The invisible man -- The honour of Israel Gow -- The wrong shape -- The sins of Prince Saradine -- The hammer of God -- The eye of Apollo -- The sign of the broken sword -- The three tools of death. | |
| 506 | _aPublic domain in the USA. | ||
| 516 | _aElectronic text | ||
| 653 | _aEngland -- Fiction | ||
| 653 | _aBrown, Father (Fictitious character) -- Fiction | ||
| 653 | _aCatholics -- Fiction | ||
| 653 | _aDetective and mystery stories, English | ||
| 653 | _aClergy -- Fiction | ||
| 830 | 0 |
_aProject Gutenberg _v204 |
|
| 856 | 4 | 0 | _uhttp://www.gutenberg.org/ebooks/204 |
| 942 | _cEB | ||
| 999 |
_c229557 _d229557 |
||